000 00582nam a2200181Ia 4500
008 090124s9999 xx 000 0 und d
082 _b12588
100 _aशेंडे ना. रा.
245 _a विचार प्रबोधिनी
250 _a0
260 _bश्रीशेष प्रकाशन
_c1980
300 _a365
600 _aशेंडे ना. रा.
630 _a विचार प्रबोधिनी
700 _aशेंडे ना. रा.
730 _a विचार प्रबोधिनी
942 _cBOOK
999 _c87149
_d87149